| 000 | 00420cam a22001337a 4500 | ||
|---|---|---|---|
| 008 | 180718b1998 xxu||||| |||| 00| 0 eng d | ||
| 082 | _aA81x54 91/5/PT4A/C | ||
| 100 | _aCensus of India 1991 | ||
| 245 | _aBihar: socio-cultural tables | ||
| 260 |
_aDelhi _bThe Controller of Publications _c1998 |
||
| 300 | _a2 vols. | ||
| 440 | _aCensus of India 1991. Series-5, Bihar. Part-IVAC Series | ||
| 500 | _av.1, 491p.;v.2, 455p. | ||
| 999 |
_c486597 _d486597 |
||